00566 2200229 4500001002100000005001700021006001900038008004100057020002200098035002500120041000700145082001200152090001800164100001500182245004600197250000600243260002700249300002600276650001800302990000800320990000800328INLIS00000000000056420140224143901.0a ||| | 180719| ||| | id  a978-979-1486-12-5 a0010-031300000000564 aid0 a297.633 a297.633 HUD e0 aNurul Huda00aEkonomi Makro Islam : Pendekatan Teoretis a1 aJakartabKencanac2008 axviii, 268 hal, 23 cm 0aEkonomi Makro a154 a154